00589 a2200193 450000100060000002000200000604000240002610000200005024000190007024500140008930000060010336200090010944000120011865000260013094200070015695201050016395201100026899900170037846178 a978-850815364-0 cAnchieta - Aquarius aQueiroz, Rachel10a=O quinzelpor10a=O quinze a 0 a2012 1aÁtica 4aLiteratura brasileira cBK 00104070a87.1b87.1d2023-11-21l0o869.93 QUE OQUp3688/AQUr2023-11-21 15:12:32w2023-11-21yBK 00102ddc4070a57.2b57.2d2024-05-23l0pnt819r2024-05-23 09:53:36w2024-05-23yBKzestante laranjau c46178d46178